| Virtuální polytechnická knihovna - Souborný katalog - Úplný záznam dokumentu - MARC |
Uživatel: --- |
-----nas 22-----zu 4500
001 SKVPK0031869
003 CZ-VPK
005 20260422134615.0
008 260422d20102014||||| | ||| || |||||||
040 $aABA013$bcze
222 0$aÖsterreichs E-Wirtschaft
245 00$aDas Fachmagazin der österreichischen E-Wirtschaft / Oesterreichs Energie
260 $aNěmecko :$bWien : Österreichischer Wirtschaftsverlag,$c2010-2014
650 07$aenergetika$xen$2psh
650 07$afyzika$xfy$2psh
780 00$tVEÖ journal$x1026-9339
785 00$tStromLinie
910 $aABA013$r2010-2014
| čtvrtek 14.05.2026 05:49:09 |
© 2001-2015 Národní technická knihovna |
[Virtuální polytechnická knihovna]
[Servisní centrum]
[Souborný katalog]